000 013620000a22002770004500
003 EG-GICUC
005 20250223025250.0
008 080508s2001 ua f m 000 0 ara d
040 _aEG-GICUC
_bara
_cEG-GICUC
041 0 _aAra
049 _aاهداء
097 _aماجستير
099 _aCai01.05.01.M.Sc.2001.اح.ت
100 0 _aاحمد حسانين احمد الشيخ
245 1 0 _aتقييم السياسات التسويقية للمجمعات الاستهلاكية المتطورة :
_bبالتطبيق على سوبر ماركت الاهرام2000 /
_cاحمد حسانين احمد الشيخ ؛ اشراف محمد عبدالله عبدالرحيم : جورج رياض سليمان
246 1 5 _aAn evaluation of marketing policies of developed supermarkets :
_bApplied on ahram supermarkets 2000
260 _aبورسعيد :
_bاحمد حسانين احمد الشيخ :
_c2001
300 _a175ص ؛
_c25سم
502 _aاطروحة (ماجستير) - جامعة قناة السويس - كلية التجارة ببورسعيد - قسم ادارة الاعمال
700 0 _aجورج رياض سليمان :
_eمشرف
700 0 _aمحمد عبدالله عبدالرحيم :
_eمشرف
856 _uhttp://172.23.153.220/th.pdf
905 _aFatma
_eCataloger
905 _aNazla
_eRevisor
942 _2ddc
_cTH
999 _c9222
_d9222